000 00333nam a2200133Ia 4500
008 240624s9999 xx 000 0 und d
041 _aeng
082 _a920 BIN
100 _aBINDRA ABHINAV
245 _aSHOT AT HISTORY MY OBSESSIVE JOURNEY TO
260 _c2011
_aNew Delhi
_bHarper Sport
300 _a224 : p.
365 _cRS
_b25
999 _c18249
_d18249